[Event "Bangabandhu-chT"]
[Site "Dhaka"]
[Date "2024.02.07"]
[Round "7.2"]
[White "Sanket, Chakravarty"]
[Black "Mohammed Abdul, Malek"]
[Result "1-0"]
[WhiteElo "2358"]
[BlackElo "2047"]
[PlyCount "67"]
[EventDate "2024.02.01"]
[EventType "team-tourn"]
[EventRounds "11"]
[EventCountry "BAN"]
[SourceTitle "CB07_2024"]
[SourceDate "2024.02.14"]
[SourceVersion "1"]
[SourceVersionDate "2024.02.14"]
[SourceQuality "1"]
[WhiteTeam "Sheikh Russel CC"]
[BlackTeam "Leonine CC"]
[WhiteTeamCountry "BAN"]
[BlackTeamCountry "BAN"]

1. e4 e5 2. Nf3 Nc6 3. Bc4 Be7 4. Nc3 Nf6 5. d4 d6 6. h3 0-0 7. 0-0 Nxe4 8. Nxe4 d5 9. Bxd5 Qxd5 10. Nc3 Qd6 11. dxe5 Nxe5 12. Nxe5 Qxe5 13. Re1 Qd6 14. Qf3 c6 15. Bf4 Qf6 16. Re5 Be6 17. Ne4 Qg6 18. Re1 h6 19. Re3 Bd8 20. Qe2 Bh4 21. b3 Rad8 22. Rh5 f5 23. Ng3 Bf7 24. Rxh4 Qf6 25. Rh5 Bxh5 26. Nxh5 Qd4 27. Kh2 Qd1 28. Qc4+ Rd5 29. Nxg7 Rf7 30. Ne6 Qh5 31. Qc3 Kh7 32. Rg3 Rdd7 33. Bc1 f4 34. Rg4 1-0

[Event "Bangabandhu-chT"]
[Site "Dhaka"]
[Date "2024.02.04"]
[Round "4.2"]
[White "Puranik, Abhimanyu Sameer"]
[Black "Sanket, Chakravarty"]
[Result "1/2-1/2"]
[WhiteElo "2635"]
[BlackElo "2358"]
[PlyCount "61"]
[EventDate "2024.02.01"]
[EventType "team-tourn"]
[EventRounds "11"]
[EventCountry "BAN"]
[SourceTitle "CB06_2024"]
[SourceDate "2024.02.07"]
[SourceVersion "1"]
[SourceVersionDate "2024.02.07"]
[SourceQuality "1"]
[WhiteTeam "Bangladesh Police"]
[BlackTeam "Sheikh Russel CC"]
[WhiteTeamCountry "BAN"]
[BlackTeamCountry "BAN"]

1. e4 c5 2. Nf3 e6 3. Nc3 Nc6 4. h3 Be7 5. Bb5 Nd4 6. Bd3 Nc6 7. 0-0 d6 8. Ne2 Nf6 9. Ng3 Bd7 10. c3 0-0 11. Re1 Ne5 12. Bf1 Bc6 13. d4 Nxf3+ 14. Qxf3 cxd4 15. cxd4 Nxe4 16. Nxe4 f5 17. Bc4 d5 18. Nc3 dxc4 19. Qe2 Bd5 20. Nxd5 Qxd5 21. Qxe6+ Qxe6 22. Rxe6 Bf6 23. Rd6 Rad8 24. Rxd8 Rxd8 25. Be3 Bxd4 26. Rd1 Bb6 27. Rxd8+ Bxd8 28. Bxa7 Bf6 29. b3 cxb3 30. axb3 Kf7 31. Kf1 1/2-1/2

[Event "Bangabandhu-chT"]
[Site "Dhaka"]
[Date "2024.02.02"]
[Round "2.2"]
[White "Sanket, Chakravarty"]
[Black "Mohammad, Nubairshah Shaikh"]
[Result "0-1"]
[WhiteElo "2358"]
[BlackElo "2415"]
[PlyCount "56"]
[EventDate "2024.02.01"]
[EventType "team-tourn"]
[EventRounds "11"]
[EventCountry "BAN"]
[SourceTitle "CB06_2024"]
[SourceDate "2024.02.07"]
[SourceVersion "1"]
[SourceVersionDate "2024.02.07"]
[SourceQuality "1"]
[WhiteTeam "Sheikh Russel CC"]
[BlackTeam "Titas Club"]
[WhiteTeamCountry "BAN"]
[BlackTeamCountry "BAN"]

1. c4 Nf6 2. Nf3 g6 3. d4 Bg7 4. g3 c6 5. Nc3 d5 6. Bg2 dxc4 7. 0-0 0-0 8. e4 b5 9. Qc2 a5 10. Rd1 Na6 11. a3 Be6 12. Ne5 Qc8 13. Nxc6 Qxc6 14. d5 Bxd5 15. exd5 Qd7 16. d6 Rad8 17. dxe7 Qxe7 18. Nxb5 Rxd1+ 19. Qxd1 Rd8 20. Qf1 Nc5 21. Bf4 Nd3 22. Bc7 Rd7 23. Bxa5 Qc5 24. a4 Ng4 25. Re1 Ndxf2 26. Re8+ Bf8 27. Bf3 Ne4+ 28. Kh1 Nxg3+ 0-1

[Event "Bangabandhu-chT"]
[Site "Dhaka"]
[Date "2024.02.01"]
[Round "1.2"]
[White "Ahmed, Sk Nasir"]
[Black "Sanket, Chakravarty"]
[Result "0-1"]
[WhiteElo "2182"]
[BlackElo "2358"]
[PlyCount "78"]
[EventDate "2024.02.01"]
[EventType "team-tourn"]
[EventRounds "11"]
[EventCountry "BAN"]
[SourceTitle "CB06_2024"]
[SourceDate "2024.02.07"]
[SourceVersion "1"]
[SourceVersionDate "2024.02.07"]
[SourceQuality "1"]
[WhiteTeam "Bangladesh Navy"]
[BlackTeam "Sheikh Russel CC"]
[WhiteTeamCountry "BAN"]
[BlackTeamCountry "BAN"]

1. c4 Nf6 2. Nf3 e6 3. g3 d5 4. Bg2 Be7 5. 0-0 0-0 6. b3 b6 7. Bb2 Ba6 8. d3 c5 9. e3 Nc6 10. Qe2 Qc7 11. e4 dxe4 12. dxe4 Rad8 13. e5 Ng4 14. Na3 Nh6 15. Nc2 Nf5 16. Rfd1 Bb7 17. Rxd8 Rxd8 18. Rd1 Nb4 19. Nxb4 cxb4 20. Rd2 Bc5 21. Qd1 Rxd2 22. Qxd2 h6 23. Qd3 a5 24. Ne1 Bxg2 25. Kxg2 a4 26. Nf3 a3 27. Bc1 Qc6 28. Kg1 b5 29. cxb5 Bxf2+ 30. Kxf2 Qxc1 31. Ke2 Qc5 32. g4 Ne7 33. Qd8+ Kh7 34. Qd3+ g6 35. h4 Nd5 36. Kd2 Nc3 37. Qd4 Qxb5 38. Ke3 Qe2+ 39. Kf4 Qg2 0-1

[Event "Groningen op 59th"]
[Site "Groningen"]
[Date "2023.12.28"]
[Round "7"]
[White "Sanket, Chakravarty"]
[Black "Toktomushev, Teimur"]
[Result "1/2-1/2"]
[WhiteElo "2361"]
[BlackElo "2249"]
[PlyCount "153"]
[EventDate "2023.12.21"]
[EventType "swiss"]
[EventRounds "9"]
[EventCountry "NED"]
[SourceTitle "CB04_2024"]
[SourceDate "2023.10.16"]
[SourceVersion "1"]
[SourceVersionDate "2023.10.16"]
[SourceQuality "1"]

1. e4 c5 2. Nf3 e6 3. c3 d5 4. exd5 Qxd5 5. d4 Nf6 6. Na3 Nc6 7. Be3 cxd4 8. Nb5 Qd8 9. Nbxd4 Nd5 10. Nxc6 bxc6 11. Bd2 Qb6 12. Ne5 Qc7 13. Nd3 c5 14. c4 Nb4 15. Nxb4 cxb4 16. Qg4 Qe5+ 17. Be2 Bb7 18. 0-0-0 h5 19. Qg3 Qxe2 20. Qc7 Bd6 21. Qxb7 Qxc4+ 22. Kb1 0-0 23. Qf3 Rac8 24. Qxh5 Qc2+ 25. Ka1 Rc5 26. Qg4 Rfc8 27. Be3 Be5 28. Qxb4 R5c6 29. Qb5 Bf6 30. Rb1 a6 31. Qb3 Qe2 32. Rhe1 Qg4 33. g3 a5 34. Rbc1 a4 35. Rxc6 Rxc6 36. Qb8+ Kh7 37. a3 Rc2 38. Rb1 Qe2 39. Qb4 Rc4 40. Qd2 Qg4 41. Qd3+ Re4 42. Bd4 Qe2 43. Qxe2 Rxe2 44. Bxf6 gxf6 45. b4 axb3 46. Rxb3 Rxf2 47. Rb2 Rf5 48. a4 Ra5 49. Ra2 f5 50. Kb2 Kg6 51. Kc3 e5 52. Kb4 Ra8 53. a5 f4 54. gxf4 exf4 55. a6 Kf5 56. Kb5 f3 57. a7 Kf4 58. Kb6 Ke3 59. Kb7 f2 60. Ra1 Re8 61. a8Q Rxa8 62. Kxa8 Ke2 63. h4 f1Q 64. Rxf1 Kxf1 65. h5 f5 66. h6 f4 67. h7 f3 68. h8Q f2 69. Qh2 Ke1 70. Qg3 Ke2 71. Qg2 Ke1 72. Qe4+ Kf1 73. Kb7 Kg1 74. Qg4+ Kh1 75. Qf3+ Kg1 76. Qg3+ Kh1 77. Qxf2 1/2-1/2

[Event "IND-ch U19"]
[Site "Ahmedabad"]
[Date "2023.09.26"]
[Round "9"]
[White "Lad, Mandar Pradip"]
[Black "Sanket, Chakravarty"]
[Result "1/2-1/2"]
[WhiteElo "1959"]
[BlackElo "2381"]
[PlyCount "91"]
[EventDate "2023.09.20"]
[EventType "swiss"]
[EventRounds "11"]
[EventCountry "IND"]
[SourceTitle "EXT 2024"]
[Source "ChessBase"]
[SourceDate "2023.10.10"]
[SourceVersion "1"]
[SourceVersionDate "2023.10.10"]
[SourceQuality "1"]

1. d4 Nf6 2. c4 g6 3. Nc3 Bg7 4. Nf3 0-0 5. g3 d6 6. Bg2 Nbd7 7. 0-0 e5 8. e4 exd4 9. Nxd4 Nc5 10. h3 Re8 11. Re1 a5 12. Qc2 a4 13. Be3 c6 14. Rad1 Nfd7 15. f4 Qa5 16. Bf2 Nb6 17. Bf1 Ne6 18. Kh2 h5 19. Nf3 a3 20. Rxd6 axb2 21. e5 Na4 22. Nxa4 Qxa4 23. Qxb2 Bf8 24. c5 Qxa2 25. Re2 Qxb2 26. Rxb2 Ra1 27. Bg2 Rc1 28. Rbd2 Bxd6 29. cxd6 Bd7 30. Ra2 c5 31. Nd2 Bc6 32. Bxc6 bxc6 33. Ne4 Rb8 34. Nf6+ Kg7 35. d7 c4 36. g4 hxg4 37. hxg4 Rh8+ 38. Kg2 Rb8 39. f5 Nd8 40. Ne8+ Kh8 41. Be3 Re1 42. Kf3 Rh1 43. Kg2 Re1 44. Kf3 Rh1 45. Kg2 Rhb1 46. Kf3 1/2-1/2

[Event "IND-ch U19"]
[Site "Ahmedabad"]
[Date "2023.09.21"]
[Round "3"]
[White "Sanket, Chakravarty"]
[Black "Tanna, Krish Alpeshbhai"]
[Result "1-0"]
[WhiteElo "2381"]
[BlackElo "1530"]
[PlyCount "89"]
[EventDate "2023.09.20"]
[EventType "swiss"]
[EventRounds "11"]
[EventCountry "IND"]
[SourceTitle "EXT 2024"]
[Source "ChessBase"]
[SourceDate "2023.10.10"]
[SourceVersion "1"]
[SourceVersionDate "2023.10.10"]
[SourceQuality "1"]

1. c4 Nf6 2. Nf3 g6 3. d4 Bg7 4. g3 0-0 5. Bg2 c5 6. 0-0 cxd4 7. Nxd4 Nc6 8. Nc3 Qa5 9. Nb3 Qh5 10. c5 a5 11. Na4 d6 12. e4 Bg4 13. f3 Be6 14. cxd6 Rfd8 15. Be3 Rxd6 16. Qe2 Ne5 17. g4 Bc4 18. gxh5 Bxe2 19. Rf2 Bb5 20. Nc3 Bc6 21. hxg6 Nxg6 22. a4 Nh5 23. Bf1 Nhf4 24. Nb5 Bxb5 25. axb5 Nd3 26. Rd2 Nge5 27. Be2 Nxb2 28. Rxd6 exd6 29. Rxa5 Rc8 30. Bd4 Nbc4 31. Ra7 b6 32. Kf2 Na5 33. Nxa5 bxa5 34. Be3 Bf6 35. Rxa5 Rc2 36. Bh6 Bh4+ 37. Ke3 f6 38. b6 Rb2 39. Rb5 Bf2+ 40. Kxf2 Nd3+ 41. Kg3 Rxb5 42. Bxd3 Rxb6 43. Bc4+ Kh8 44. h4 f5 45. Be3 1-0

[Event "Abu Dhabi op 29th"]
[Site "Abu Dhabi"]
[Date "2023.08.21"]
[Round "6"]
[White "Sanket, Chakravarty"]
[Black "Jubin, Jimmy"]
[Result "1-0"]
[WhiteElo "2385"]
[BlackElo "2460"]
[PlyCount "79"]
[EventDate "2023.08.16"]
[EventType "swiss"]
[EventRounds "9"]
[EventCountry "UAE"]
[SourceTitle "EXT 2024"]
[Source "ChessBase"]
[SourceDate "2023.10.10"]
[SourceVersion "1"]
[SourceVersionDate "2023.10.10"]
[SourceQuality "1"]

1. c4 e5 2. Nc3 Nf6 3. Nf3 Nc6 4. d4 exd4 5. Nxd4 Bb4 6. g3 0-0 7. Bg2 Ne5 8. Qb3 Bc5 9. Nf3 Nc6 10. 0-0 d6 11. Nd5 h6 12. Be3 Bxe3 13. Nxe3 Re8 14. Rfd1 Ne4 15. Rac1 Bd7 16. Nd5 Nc5 17. Qc2 a5 18. Nd4 Nb4 19. Nxb4 axb4 20. b3 Qg5 21. Nb5 Bxb5 22. cxb5 Qe7 23. e3 Ra5 24. a4 Qg5 25. Qc4 Qf6 26. Qxb4 Raa8 27. Qc3 Qg6 28. a5 Re7 29. a6 Rb8 30. b4 Ne4 31. Qc4 Qf5 32. Bxe4 Qxe4 33. Qxe4 Rxe4 34. Rxc7 bxa6 35. bxa6 Rexb4 36. a7 Ra8 37. Rxd6 Ra4 38. Rdd7 Rf8 39. Rb7 Kh7 40. Rxf7 1-0

[Event "Thessaloniki op 3rd"]
[Site "Thessaloniki"]
[Date "2023.08.05"]
[Round "1"]
[White "Stefos, Stefanos"]
[Black "Sanket, Chakravarty"]
[Result "0-1"]
[WhiteElo "1913"]
[BlackElo "2385"]
[PlyCount "110"]
[EventDate "2023.08.05"]
[EventType "swiss"]
[EventRounds "9"]
[EventCountry "GRE"]
[SourceTitle "CBM 215 Extra"]
[Source "ChessBase"]
[SourceDate "2023.09.30"]
[SourceVersion "1"]
[SourceVersionDate "2023.09.30"]
[SourceQuality "1"]

1. d4 d5 2. Nf3 Nf6 3. c4 e6 4. Nc3 a6 5. c5 b6 6. cxb6 c5 7. Qb3 Bb7 8. Bf4 Bd6 9. Bxd6 Qxd6 10. dxc5 Qxc5 11. e3 Nbd7 12. Be2 Qxb6 13. Qa3 Qc5 14. Qxc5 Nxc5 15. 0-0 Ke7 16. Rac1 Rhc8 17. Rfd1 Ne8 18. b4 Nd7 19. Nd4 Nd6 20. Na4 e5 21. Nb3 Bc6 22. Nc3 Nb6 23. Na5 Bb5 24. Nxb5 axb5 25. Nc6+ Ke6 26. Na5 Rxc1 27. Rxc1 Nbc4 28. Bd1 Nxa5 29. bxa5 Rxa5 30. Bb3 Nc4 31. Rd1 Kd6 32. Kf1 Kc5 33. Ke2 Ra6 34. Rc1 f5 35. h4 Rg6 36. g3 f4 37. Bc2 Ra6 38. Bb3 fxe3 39. fxe3 e4 40. Rf1 Rf6 41. Rf4 Rxf4 42. gxf4 h5 43. Bd1 Nd6 44. Kd2 g6 45. a4 b4 46. Bb3 Nc4+ 47. Ke2 Na5 48. Bd1 b3 49. Kd2 Nc4+ 50. Kc3 b2 51. Bc2 Nxe3 52. Bb1 Nc4 53. a5 d4+ 54. Kc2 Na3+ 55. Kxb2 Nxb1 0-1

[Event "Kavala op 32nd"]
[Site "Kavala"]
[Date "2023.08.03"]
[Round "8"]
[White "Sanket, Chakravarty"]
[Black "Raahul, VS."]
[Result "0-1"]
[WhiteElo "2385"]
[BlackElo "2346"]
[PlyCount "100"]
[EventDate "2023.07.28"]
[EventType "swiss"]
[EventRounds "9"]
[EventCountry "GRE"]
[SourceTitle "CBM 215 Extra"]
[Source "ChessBase"]
[SourceDate "2023.09.30"]
[SourceVersion "1"]
[SourceVersionDate "2023.09.30"]
[SourceQuality "1"]

1. c4 e5 2. Nc3 Bb4 3. Nd5 a5 4. a3 Be7 5. Nf3 d6 6. d4 e4 7. Nd2 f5 8. e3 Nf6 9. f3 0-0 10. Nxf6+ Bxf6 11. fxe4 c5 12. Bd3 cxd4 13. exf5 dxe3 14. Nf3 d5 15. cxd5 Qxd5 16. Qe2 Kh8 17. 0-0 Bxf5 18. Bc4 Qe4 19. Bxe3 Nc6 20. Ng5 Qe7 21. Nf7+ Rxf7 22. Bxf7 Qxf7 23. Rxf5 Nd4 24. Qf2 Nxf5 25. Qxf5 Qb3 26. Bc5 Qxb2 27. Rb1 Qc3 28. h3 Re8 29. Bf2 Qxa3 30. Rxb7 Qa1+ 31. Rb1 Qc3 32. Qb5 Rd8 33. Kh1 Qe5 34. Qa4 Qf5 35. Re1 h6 36. Bb6 Rd5 37. Bc7 Rc5 38. Bb6 Rb5 39. Bc7 Bc3 40. Re8+ Kh7 41. Qc4 Bf6 42. Bg3 Rb2 43. Rf8 h5 44. Qg8+ Kh6 45. Kh2 Qf3 46. Qh8+ Kg6 47. Rxf6+ Qxf6 48. Qe8+ Qf7 49. Qe5 Rc2 50. Qxa5 Qb7 0-1

[Event "Maharashtra op 2nd"]
[Site "Nagpur"]
[Date "2023.06.08"]
[Round "10"]
[White "Zakhartsov, Viacheslav V"]
[Black "Sanket, Chakravarty"]
[Result "1/2-1/2"]
[WhiteElo "2514"]
[BlackElo "2389"]
[PlyCount "46"]
[EventDate "2023.06.01"]
[EventType "swiss"]
[EventRounds "11"]
[EventCountry "IND"]
[SourceTitle "CBM 215 Extra"]
[Source "ChessBase"]
[SourceDate "2023.09.30"]
[SourceVersion "1"]
[SourceVersionDate "2023.09.30"]
[SourceQuality "1"]

1. d4 d5 2. c4 dxc4 3. e4 b5 4. a4 c6 5. axb5 cxb5 6. Nc3 Qb6 7. Nd5 Qb7 8. Bf4 e5 9. Bxe5 Nd7 10. Bg3 Ngf6 11. Nc7+ Kd8 12. f3 Bb4+ 13. Ke2 Nxe4 14. fxe4 Qxe4+ 15. Kf2 Nf6 16. Be2 Bb7 17. Bf3 Ng4+ 18. Bxg4 Qxg2+ 19. Ke3 Qe4+ 20. Kf2 Qg2+ 21. Ke3 Qe4+ 22. Kf2 Qg2+ 23. Ke3 Qe4+ 1/2-1/2

[Event "Maharashtra op 2nd"]
[Site "Nagpur"]
[Date "2023.06.03"]
[Round "4"]
[White "Sanket, Chakravarty"]
[Black "Setumadhav, Yellumahanthi"]
[Result "1/2-1/2"]
[WhiteElo "2383"]
[BlackElo "1960"]
[PlyCount "65"]
[EventDate "2023.06.01"]
[EventType "swiss"]
[EventRounds "11"]
[EventCountry "IND"]
[SourceTitle "CBM 214 Extra"]
[Source "ChessBase"]
[SourceDate "2023.07.31"]
[SourceVersion "1"]
[SourceVersionDate "2023.07.31"]
[SourceQuality "1"]

1. c4 Nf6 2. Nc3 e5 3. g3 Bb4 4. Bg2 0-0 5. e4 Bxc3 6. dxc3 d6 7. Qc2 a5 8. Nf3 Na6 9. a4 c6 10. 0-0 Be6 11. b3 Nc5 12. Ng5 Bg4 13. f3 Bd7 14. Be3 b5 15. axb5 cxb5 16. cxb5 Qc8 17. f4 Ng4 18. Bd2 Bxb5 19. c4 Bd7 20. h3 Nf6 21. fxe5 dxe5 22. Kh2 Qc7 23. Bc3 Rfe8 24. Rad1 h6 25. Nf3 Bc6 26. Bxe5 Rxe5 27. Nxe5 Qxe5 28. Rf5 Qe7 29. e5 Nfe4 30. Rd5 g6 31. Rf4 Bxd5 32. cxd5 Qxe5 33. Bxe4 1/2-1/2

[Event "Fagernes op-A"]
[Site "Fagernes"]
[Date "2023.04.05"]
[Round "5"]
[White "Sanket, Chakravarty"]
[Black "Johansson, Linus"]
[Result "0-1"]
[WhiteElo "2327"]
[BlackElo "2463"]
[PlyCount "70"]
[EventDate "2023.04.02"]
[EventType "swiss"]
[EventRounds "9"]
[EventCountry "NOR"]
[SourceTitle "CBM 213 Extra"]
[Source "ChessBase"]
[SourceDate "2023.05.31"]
[SourceVersion "1"]
[SourceVersionDate "2023.05.31"]
[SourceQuality "1"]

1. c4 Nf6 2. Nc3 g6 3. Nf3 Bg7 4. g3 0-0 5. Bg2 d6 6. d4 c6 7. e4 Bg4 8. h3 Bxf3 9. Qxf3 Nfd7 10. d5 a5 11. 0-0 Na6 12. Qe2 Nac5 13. Be3 a4 14. Rab1 Qc7 15. Rfc1 Rfb8 16. f4 Qa5 17. Kh1 Ra6 18. Bd2 Qc7 19. b4 axb3 20. axb3 Ra3 21. Be1 Nxb3 22. Rd1 Nbc5 23. Qc2 Rba8 24. Rb4 h5 25. Rdb1 Nf6 26. e5 dxe5 27. Bf2 Nfd7 28. Rxb7 Nxb7 29. dxc6 Nd6 30. c5 Rxc3 31. Qxc3 Nxc5 32. Qxc5 exf4 33. gxf4 Bh6 34. Qd5 Nf5 35. Bb6 Qxb6 0-1

[Event "Fagernes op-A"]
[Site "Fagernes"]
[Date "2023.04.05"]
[Round "4"]
[White "Ter Sahakyan, Samvel"]
[Black "Sanket, Chakravarty"]
[Result "1-0"]
[WhiteElo "2613"]
[BlackElo "2327"]
[PlyCount "123"]
[EventDate "2023.04.02"]
[EventType "swiss"]
[EventRounds "9"]
[EventCountry "NOR"]
[SourceTitle "CBM 213 Extra"]
[Source "ChessBase"]
[SourceDate "2023.05.31"]
[SourceVersion "1"]
[SourceVersionDate "2023.05.31"]
[SourceQuality "1"]

1. e4 c5 2. Nf3 e6 3. g3 Nc6 4. Bg2 Nf6 5. d3 Be7 6. e5 Ng4 7. Qe2 f6 8. exf6 Bxf6 9. h3 Nge5 10. Nxe5 Nxe5 11. Nc3 0-0 12. Ne4 Be7 13. h4 Nc6 14. c3 d5 15. Ng5 e5 16. 0-0 Bxg5 17. Bxg5 Qd6 18. f4 Re8 19. fxe5 Rxe5 20. Bf4 Rxe2 21. Bxd6 Bg4 22. Bxd5+ Kh8 23. Rf7 Be6 24. Bxe6 Rxe6 25. Bxc5 b6 26. Raf1 h5 27. Ba3 Ne5 28. R7f5 g6 29. Rf6 Rxf6 30. Rxf6 Kg7 31. Rd6 Re8 32. Kg2 a5 33. Rxb6 Nxd3 34. Rb5 a4 35. c4 Ne1+ 36. Kf2 Nd3+ 37. Kg2 Ne1+ 38. Kf1 Nc2 39. Bc5 Re4 40. b3 Re1+ 41. Kf2 Ra1 42. a3 Ra2 43. Kf3 Kf7 44. bxa4 Nxa3 45. Rb7+ Ke6 46. Rb6+ Kf7 47. Bxa3 Rxa3+ 48. Kf4 Rxa4 49. Kg5 Ra3 50. Rf6+ Ke7 51. Rxg6 Rxg3+ 52. Kxh5 Rc3 53. Rg4 Kf6 54. Rf4+ Ke5 55. Kg5 Rg3+ 56. Rg4 Ra3 57. h5 Ra8 58. h6 Rh8 59. Kg6 Rg8+ 60. Kh5 Rh8 61. c5 Kf6 62. c6 1-0

[Event "Fagernes op-A"]
[Site "Fagernes"]
[Date "2023.04.03"]
[Round "2"]
[White "Prraneeth, Vuppala"]
[Black "Sanket, Chakravarty"]
[Result "0-1"]
[WhiteElo "2437"]
[BlackElo "2327"]
[PlyCount "84"]
[EventDate "2023.04.02"]
[EventType "swiss"]
[EventRounds "9"]
[EventCountry "NOR"]
[SourceTitle "CBM 213 Extra"]
[Source "ChessBase"]
[SourceDate "2023.05.31"]
[SourceVersion "1"]
[SourceVersionDate "2023.05.31"]
[SourceQuality "1"]

1. e4 c6 2. d4 d5 3. e5 c5 4. c3 Nc6 5. Be2 Bf5 6. Nf3 e6 7. 0-0 h6 8. Be3 Nge7 9. dxc5 g5 10. Nd4 Bg7 11. f4 gxf4 12. Bxf4 Bxe5 13. Bxe5 Nxe5 14. Qe1 Qc7 15. Bb5+ Kd8 16. Qh4 a6 17. Nxf5 exf5 18. Ba4 Qxc5+ 19. Kh1 Kc7 20. Nd2 Rag8 21. Rae1 Qd6 22. h3 Rg5 23. Qd4 f6 24. Nf3 Nxf3 25. Rxf3 Ng6 26. c4 dxc4 27. Qxc4+ Kb8 28. Rd1 Qb6 29. Rb3 Ne5 30. Qd5 Qc7 31. Rc3 Qe7 32. b4 Rhg8 33. Rc2 f4 34. Bb3 f3 35. gxf3 Rg3 36. Qe6 Qxb4 37. Qf5 R8g5 38. Qc8+ Ka7 39. Bd5 Nxf3 40. Rcc1 Qb6 41. Bxf3 Rxf3 42. Rb1 Qc6 0-1

[Event "Fagernes op-A"]
[Site "Fagernes"]
[Date "2023.04.02"]
[Round "1"]
[White "Sanket, Chakravarty"]
[Black "Amundsen, Ask"]
[Result "1-0"]
[WhiteElo "2327"]
[BlackElo "1937"]
[PlyCount "87"]
[EventDate "2023.04.02"]
[EventType "swiss"]
[EventRounds "9"]
[EventCountry "NOR"]
[SourceTitle "CBM 213 Extra"]
[Source "ChessBase"]
[SourceDate "2023.05.31"]
[SourceVersion "1"]
[SourceVersionDate "2023.05.31"]
[SourceQuality "1"]

1. c4 c5 2. Nf3 Nf6 3. Nc3 d5 4. cxd5 Nxd5 5. e3 Nc6 6. Bb5 Nc7 7. Be2 e5 8. 0-0 Be7 9. b3 0-0 10. Bb2 Be6 11. Rc1 b6 12. Qc2 f5 13. Rfd1 Rc8 14. Nb5 Bf6 15. Nxc7 Rxc7 16. Bc4 Qe7 17. Qxf5 Bxc4 18. Rxc4 Qd6 19. Qe4 b5 20. Rcc1 Nb4 21. Bxe5 Bxe5 22. Nxe5 Nxa2 23. Ra1 Nb4 24. d4 c4 25. bxc4 bxc4 26. f4 c3 27. Rdc1 c2 28. h3 Rfc8 29. Nd3 Re7 30. Ne5 Rec7 31. Kh2 Qd5 32. Qf5 Na2 33. e4 Qb3 34. d5 Nxc1 35. Qe6+ Kf8 36. Qf5+ Kg8 37. Qe6+ Kf8 38. Nd7+ Rxd7 39. Qxd7 Qb8 40. Qf5+ Ke7 41. Rxc1 Qc7 42. e5 Qc4 43. d6+ Kd8 44. e6 1-0

[Event "IND-ch 59th"]
[Site "New Delhi"]
[Date "2023.01.03"]
[Round "13"]
[White "Rajesh, VAV"]
[Black "Sanket, Chakravarty"]
[Result "1/2-1/2"]
[WhiteElo "2314"]
[BlackElo "2367"]
[PlyCount "90"]
[EventDate "2022.12.22"]
[EventType "swiss"]
[EventRounds "13"]
[EventCountry "IND"]
[SourceTitle "CBM 211 Extra"]
[Source "ChessBase"]
[SourceDate "2023.01.31"]
[SourceVersion "1"]
[SourceVersionDate "2023.01.31"]
[SourceQuality "1"]

1. d4 d5 2. c4 dxc4 3. Nf3 Nf6 4. e3 e6 5. Bxc4 c5 6. 0-0 a6 7. a4 cxd4 8. exd4 Nc6 9. Nc3 Be7 10. Bg5 h6 11. Be3 0-0 12. Qe2 Na5 13. Ba2 b5 14. d5 Nxd5 15. Bxd5 exd5 16. axb5 axb5 17. Qxb5 Bd7 18. Qxd5 Qc7 19. Qh5 Bc6 20. Nd5 Bxd5 21. Qxd5 Rfd8 22. Qe4 Bf6 23. Rac1 Qd7 24. b4 Re8 25. Qf4 Nb3 26. Rb1 Qd3 27. Rfd1 Qc2 28. Ne1 Qc3 29. h4 Rad8 30. Rxd8 Rxd8 31. b5 Nd4 32. Bxd4 Rxd4 33. Qf3 Qd2 34. Qe3 Bxh4 35. Qxd2 Rxd2 36. g3 Be7 37. b6 Bc5 38. b7 Bxf2+ 39. Kf1 Bxg3 40. b8Q+ Bxb8 41. Rxb8+ Kh7 42. Nf3 Ra2 43. Rb7 f6 44. Nd4 Ra4 45. Ne6 Rg4 1/2-1/2

[Event "IND-ch 59th"]
[Site "New Delhi"]
[Date "2022.12.30"]
[Round "9"]
[White "Chandar, Raju"]
[Black "Sanket, Chakravarty"]
[Result "1/2-1/2"]
[WhiteElo "1918"]
[BlackElo "2367"]
[PlyCount "90"]
[EventDate "2022.12.22"]
[EventType "swiss"]
[EventRounds "13"]
[EventCountry "IND"]
[SourceTitle "CBM 211 Extra"]
[Source "ChessBase"]
[SourceDate "2023.01.31"]
[SourceVersion "1"]
[SourceVersionDate "2023.01.31"]
[SourceQuality "1"]

1. d4 d5 2. Nf3 e6 3. c4 a6 4. Nc3 dxc4 5. e3 b5 6. a4 b4 7. Nb1 Nf6 8. Bxc4 Bb7 9. 0-0 Nbd7 10. Nbd2 c5 11. e4 cxd4 12. e5 Ng4 13. Re1 Qc7 14. Qe2 Be7 15. h3 Nh6 16. Nxd4 0-0 17. N2f3 Kh8 18. Bf4 Nc5 19. Rac1 Rad8 20. Ba2 Bxf3 21. Nxf3 Nf5 22. g4 Nd4 23. Nxd4 Rxd4 24. Be3 Rdd8 25. Rxc5 Bxc5 26. Rc1 b3 27. Bb1 Rd5 28. Qc4 Rc8 29. Qxa6 Qd8 30. Be4 Rd1+ 31. Rxd1 Qxd1+ 32. Kg2 Qd8 33. Bxc5 Rxc5 34. Qb7 Rxe5 35. Bf3 f5 36. Qxb3 fxg4 37. hxg4 h5 38. Qc3 Rg5 39. b4 hxg4 40. Be4 g3 41. fxg3 Kg8 42. a5 Qd1 43. Qc8+ Qd8 44. Qc3 Qb6 45. a6 Qb8 1/2-1/2

[Event "IND-ch 59th"]
[Site "New Delhi"]
[Date "2022.12.27"]
[Round "6"]
[White "Sanket, Chakravarty"]
[Black "Gurung, Rahul"]
[Result "1/2-1/2"]
[WhiteElo "2367"]
[BlackElo "2028"]
[PlyCount "70"]
[EventDate "2022.12.22"]
[EventType "swiss"]
[EventRounds "13"]
[EventCountry "IND"]
[SourceTitle "CBM 211 Extra"]
[Source "ChessBase"]
[SourceDate "2023.01.31"]
[SourceVersion "1"]
[SourceVersionDate "2023.01.31"]
[SourceQuality "1"]

1. c4 e6 2. g3 Nf6 3. Bg2 d5 4. d4 Be7 5. Nf3 0-0 6. Nbd2 b6 7. 0-0 Bb7 8. Ne5 Nbd7 9. b3 c5 10. Bb2 cxd4 11. Bxd4 Nxe5 12. Bxe5 Ng4 13. Bb2 Bf6 14. Bxf6 Nxf6 15. cxd5 Nxd5 16. e4 Nb4 17. a3 Nd3 18. Qe2 Qd4 19. Rad1 Rad8 20. Nc4 Qc3 21. Qa2 Ba6 22. Rb1 Bxc4 23. bxc4 Rd4 24. a4 Nb4 25. Qe2 Rd2 26. Qh5 Rfd8 27. Qb5 Nd3 28. Rbd1 h6 29. Rxd2 Qxd2 30. Qa6 Nb2 31. Qxa7 Nxc4 32. Qc7 Qd4 33. Rc1 Ne5 34. Qc3 Qxc3 35. Rxc3 Rd1+ 1/2-1/2

[Event "Asian Continental Blitz op 19th"]
[Site "Delhi"]
[Date "2022.11.03"]
[Round "8"]
[White "Sanket, Chakravarty"]
[Black "Liyanage, Ranindu Dilshan"]
[Result "1-0"]
[WhiteElo "2372"]
[BlackElo "2331"]
[PlyCount "77"]
[EventDate "2022.11.03"]
[EventType "swiss (blitz)"]
[EventRounds "9"]
[EventCountry "IND"]
[SourceTitle "EXT 2024"]
[Source "ChessBase"]
[SourceDate "2023.10.10"]
[SourceVersion "1"]
[SourceVersionDate "2023.10.10"]
[SourceQuality "1"]

1. c4 e6 2. Nf3 d5 3. e3 Nf6 4. Nc3 dxc4 5. Bxc4 a6 6. d4 b5 7. Bb3 Bb7 8. 0-0 Nbd7 9. e4 b4 10. e5 bxc3 11. exf6 Nxf6 12. bxc3 Be7 13. Ba4+ Kf8 14. Ne5 c5 15. Rb1 Be4 16. Bc2 Bxc2 17. Qxc2 cxd4 18. Nc6 Qc7 19. Nxe7 Qxe7 20. Qa4 Kg8 21. Ba3 Qe8 22. Qxd4 h6 23. c4 Rd8 24. Qc3 Qc6 25. Rfd1 Kh7 26. Rxd8 Rxd8 27. Be7 Qe4 28. Re1 Rd3 29. Qa1 Qf5 30. Bxf6 gxf6 31. Qb2 Kg7 32. h3 Qf4 33. Rc1 Rd2 34. Qb7 Qxf2+ 35. Kh1 Qc5 36. a4 Qg5 37. Re1 Rc2 38. Qe4 h5 39. Qxc2 1-0